QBs that never lost in the Superbowl - Statistics

General Stats
  • This quiz has been taken 37 times
  • The average score is 15 of 22
Answer Stats
Team QB % Correct
NOS Drew Brees
96%
NYG Eli Manning
92%
SFF Joe Montana
92%
GBP Aaron Rodgers
88%
BAL Joe Flacco
88%
DAL Troy Aikman
88%
PHI Nick Foles
85%
SFF Steve Young
85%
PIT Terry Bradshaw
85%
LAR Matthew Stafford
81%
NYJ Joe Namath
77%
GBP Bart Starr
65%
CHI Jim McMahon
62%
NYG Phil Simms
62%
OAK Ken Stabler
54%
WAS Doug Williams
50%
BAL Johnny Unitas
50%
TBB Brad Johnson
46%
OAK/LAR Jim Plunkett
46%
BAL Trent Dilfer
46%
NYG Jeff Hostetler
38%
WAS Mark Rypien
38%
No matching quizzes found
Score Distribution
Percent of People with Each Score
Percentile by Number Answered
Your Score History
You have not taken this quiz